|
|
|
|
| LEADER |
00000cas a2200000 a 4500 |
| 001 |
035842 |
| 003 |
UAHC_CL |
| 005 |
20170803123923.0 |
| 008 |
080827s2005 gt 000 spa |
| 040 |
|
|
|a UAHC_CL
|c UAHC_CL
|d UAHC_CL
|
| 245 |
1 |
4 |
|a Una alegoría anarco-barroca para este lamentable comienzo de siglo /
|c Nelly Richads.
|
| 260 |
|
|
|c 2010
|a Santiago, Chile
|b Palinodia
|
| 300 |
|
|
|a v.
|
| 500 |
|
|
|a En: Papel Máquina. Año 2, no. 05, segundo semestre 2010. pp. 47-53.
|
| 520 |
|
|
|a Presentación de la novela de Diamela Eltit. Impuesto a la carne, Santiago de Chile, editorial Planeta, 2010.
|
| 700 |
1 |
|
|a Richards, Nelly
|
| 900 |
|
|
|a PAPEL MAQUINA-05/10
|
| 942 |
|
|
|c REV
|
| 999 |
|
|
|c 35842
|d 35842
|